Ai to senketsu; Ajia josei kōryūshi,

Saved in:
நூற்பட்டியல் விவரங்கள்
தலைமை எழுத்தாளர்: Yamazaki, Tomoko, 1932-
வடிவம்: புத்தகம்
மொழி:Japanese
வெளியீடப்பட்டது: Tōkyō, Sanseidō, Shōwa 45 [1970]
தொகுதி:Sanseidō shinsho
பகுதிகள்:
குறியீடுகள்: குறிச்சொல் இணை
குறியீடுகள் இல்லை, இந்த குறிச்சொல்லை முதலில் பதிவு செய்யுங்கள்!
LEADER 00927nam a2200289 4500
001 007731241-4
005 20100414123207.0
008 910312s1970 ja 000 0 jpn
010 |a 71815863 /J  
015 |a Ja70-2933 
035 0 |a ocm23234055 
040 |a DLC  |c WaU  |d *YNH*  |d CStRLIN 
050 0 |a HQ1762  |b .Y34 
100 1 |6 880-01  |a Yamazaki, Tomoko,  |d 1932- 
245 1 0 |6 880-02  |a Ai to senketsu;  |b Ajia josei kōryūshi,  |c Yamazaki Tomoko. 
260 |6 880-03  |a Tōkyō,  |b Sanseidō,  |c Shōwa 45 [1970] 
300 |a 178 p.  |c 18 cm. 
490 0 |6 880-04  |a Sanseidō shinsho 
650 0 |a Women  |z Japan. 
650 0 |a Women  |x History. 
650 0 |a Women  |x Social conditions. 
880 1 |6 100-01  |a 山崎朋子,  |d 1932- 
880 1 0 |6 245-02  |a 愛と鮮血;  |b アジア女性交流史,  |c 山崎朋子. 
880 |6 260-03  |a 東京,  |b 三省堂,  |c 昭和45 [1970] 
880 0 |6 490-04  |a 三省堂新書 
988 |a 20021214 
906 |0 DLC